|
|
|
|
| LEADER |
00000nab a2200000 a 4500 |
| 001 |
vtls000867615 |
| 003 |
SK-MaSNL |
| 005 |
20260304130918.0 |
| 008 |
250429c2004 xo 0 slo |
| 015 |
|
|
|a SNBRB2004/03-09985
|
| 035 |
|
|
|a CLN000219167
|
| 035 |
|
|
|a urn:nbn:sk:snk-ab331s
|
| 035 |
|
|
|a (urnnbn)urn:nbn:sk:snk:ar-a05roi
|
| 035 |
|
|
|a (uuid)d672a737-33b4-420c-8e04-f0866a7a2ba3
|
| 040 |
|
|
|a SNKBUCL
|b slo
|c SNKBUCL
|e AACR2
|
| 041 |
0 |
|
|a slo
|
| 044 |
|
|
|a xo
|c SK
|
| 080 |
|
|
|a 616.12-008.46:616.24-008.331.1-036.886:061.3
|2 1997
|
| 100 |
1 |
|
|a Grocký, Michal
|4 aut
|9 1376475
|
| 245 |
1 |
0 |
|a Srdcové zlyhanie pravého srdca - príčina smrti u mladej pacientky. Kazuistika
|c M. Grocký, D. Trejbal, J. Frajt
|
| 650 |
0 |
7 |
|a cor pulmonale
|2 MESH
|9 14445
|
| 650 |
0 |
7 |
|a komplikácie
|2 MESH
|9 856653
|
| 650 |
0 |
7 |
|a kongestívne zlyhanie srdca
|2 MESH
|9 60161
|
| 650 |
0 |
7 |
|a kazuistika
|2 MESH
|9 19523
|
| 650 |
0 |
7 |
|a náhla smrť
|2 SNKPH
|9 82624
|
| 650 |
0 |
7 |
|a abstrakty z kongresu
|2 MESH
|9 168204
|
| 650 |
0 |
7 |
|a etiológia
|2 SNKPH
|9 20150
|
| 650 |
0 |
7 |
|a patológia
|2 SNKPH
|9 900
|
| 650 |
0 |
7 |
|a pľúcna embólia
|2 SNKPH
|9 100620
|
| 650 |
0 |
7 |
|a dospelí
|2 SNKPH
|9 4893
|
| 650 |
0 |
7 |
|a úmrtnosť
|2 SNKPH
|9 4663
|
| 650 |
0 |
7 |
|a pľúcna hypertenzia
|2 SNKPH
|9 222745
|
| 650 |
0 |
7 |
|a diagnostika (medicína)
|2 SNKPH
|9 28740
|
| 655 |
|
7 |
|a články z novín a časopisov
|2 SNK
|9 267496
|
| 700 |
1 |
|
|a Trejbal, Dušan,
|d 1945-
|4 aut
|9 11301
|
| 700 |
1 |
|
|a Frajt, J.
|4 aut
|9 1120396
|
| 773 |
0 |
|
|t Kardiológia
|g Vol. 13, no. 1 (2004), p. K/C 3A
|x 1210-0048
|
| 850 |
|
|
|a Slovenská národná knižnica
|
| 852 |
|
|
|a Slovenská národná knižnica
|
| 958 |
|
|
|a article27
|
| 958 |
|
|
|a OND
|
| 958 |
|
|
|a MI
|
| 999 |
|
|
|c 2895833
|d 2897763
|